000 00610nam a2200205Ia 4500
003 GCL
008 140319s9999 xx 000 0 ara d
040 _aGCL /
_cGCL
082 0 4 _a001.554
_bا ص
100 1 _aانشراح الشال
245 1 0 _aصوت العرب بين الامس واليوم /
_cانشراح الشال
260 _a[S.N] :
_bدار الثقافة العربية ،
_c1989
300 _a158 ص
490 _a
650 0 4 _aالاعلام
650 0 4 _aالاذاعة
650 0 4 _aبرامج الاذاعة
650 0 4 _aالارسال والاستقبال
942 _2ddc
_cBK
999 _c35802
_d35802